Pokémon Containing the First Letter of their Type - Statistics

General Stats
  • This quiz has been taken 29 times
  • The average score is 290 of 440
Answer Stats
% Correct
Ghost Gastly
100%
Electric Alolan Golem
94%
Electric | Rock Alolan Graveler
94%
Bug Beedrill
94%
Dragon Dragonair
94%
Dragon Dragonite
94%
Dragon Dratini
94%
Electric Electabuzz
94%
Electric Elekid
94%
Fire Flareon
94%
Ghost Gengar
94%
Ground Golem
94%
Ground | Rock Graveler
94%
Water Wartortle
94%
Ground Alolan Dugtrio
88%
Electric Alolan Geodude
88%
Bug Butterfree
88%
Dark Darkrai
88%
Ground Dugtrio
88%
Electric Electrike
88%
Electric Electrode
88%
Flying Fearow
88%
Ground Geodude
88%
Grass Gloom
88%
Electric Hisuian Electrode
88%
Fairy Igglybuff
88%
Fairy Jigglypuff
88%
Dragon Kingdra
88%
Steel Scizor
88%
Normal Snorlax
88%
Fairy Wigglytuff
88%
Ground Alolan Diglett
82%
Ice Alolan Ninetales
82%
Ice Alolan Vulpix
82%
Rock Amaura
82%
Rock Armaldo
82%
Ice Articuno
82%
Ice Beartic
82%
Bug | Flying Beautifly
82%
Bug Blipbug
82%
Bug Burmy
82%
Bug Buzzwole
82%
Bug Charjabug
82%
Fairy Clefable
82%
Fairy Clefairy
82%
Fairy Cleffa
82%
Dark | Dragon Deino
82%
Dragon Dialga
82%
Ground Diglett
82%
Dragon Dracovish
82%
Dragon Druddigon
82%
Electric Eelektrik
82%
Electric Eelektross
82%
Electric Electivire
82%
Flying Farfetch'd
82%
Fairy Flutter Mane
82%
Ice Galarian Mr. Mime
82%
Dragon Goodra
82%
Grass Grotle
82%
Grass Grovyle
82%
Dragon Hisuian Goodra
82%
Dark | Dragon Hydreigon
82%
Electric Jolteon
82%
Rock Larvitar
82%
Ice Mr. Rime
82%
Normal Persian
82%
Rock Pupitar
82%
Rock Rhydon
82%
Rock Rhyhorn
82%
Rock Rockruff
82%
Bug Scatterbug
82%
Steel Steelix
82%
Rock Tyranitar
82%
Water Wishiwashi
82%
Rock Aggron
76%
Steel Alolan Sandshrew
76%
Steel Alolan Sandslash
76%
Rock Anorith
76%
Ice Arctibax
76%
Ice Arctovish
76%
Rock Aron
76%
Rock Aurorus
76%
Ice Bergmite
76%
Electric Blitzle
76%
Rock Carracosta
76%
Normal Chansey
76%
Rock Cradily
76%
Water Dewott
76%
Dragon Dipplin
76%
Dragon Dragalge
76%
Dragon Drampa
76%
Dragon Duraludon
76%
Grass Exeggcute
76%
Grass Exeggutor
76%
Fairy Flabébé
76%
Fairy Florges
76%
Ice Frigibax
76%
Fire Fuecoco
76%
Fighting Galarian Farfetch'd
76%
Normal Galarian Linoone
76%
Normal Galarian Zigzagoon
76%
Rock Garganacl
76%
Ghost Gimmighoul
76%
Ghost | Ground Golett
76%
Ghost | Ground Golurk
76%
Grass Gossifleur
76%
Ghost | Grass Gourgeist
76%
Bug Grubbin
76%
Dragon Hydrapple
76%
Normal Kangaskhan
76%
Rock Lairon
76%
Dark Liepard
76%
Normal Linoone
76%
Rock Lycanroc
76%
Electric Magnemite
76%
Electric Magneton
76%
Electric Magnezone
76%
Electric Manectric
76%
Grass Meganium
76%
Fighting Mienfoo
76%
Fighting | Fire Monferno
76%
Normal Noctowl
76%
Normal Obstagoon
76%
Rock Omastar
76%
Bug Orbeetle
76%
Poison Poipole
76%
Normal Porygon
76%
Rock Rhyperior
76%
Rock Roggenrola
76%
Rock Rolycoly
76%
Normal Sentret
76%
Psychic | Water Slowpoke
76%
Fairy Slurpuff
76%
Rock Tirtouga
76%
Rock Tyrantrum
76%
Rock Tyrunt
76%
Flying | Normal Unfezant
76%
Ice Vanillish
76%
Ice Vanillite
76%
Ice Vanilluxe
76%
Water Wailmer
76%
Water Wailord
76%
Ice Weavile
76%
Electric Zebstrika
76%
Electric Zeraora
76%
Normal Zigzagoon
76%
Dragon | Ground Zygarde
76%
Dragon Archaludon
71%
Rock Archen
71%
Rock Archeops
71%
Ice Baxcalibur
71%
Poison Bellsprout
71%
Rock Boldore
71%
Normal Bunnelby
71%
Rock Carkol
71%
Ice Cetitan
71%
Ice Chien-Pao
71%
Ghost Cofagrigus
71%
Ice Crabominable
71%
Water Dewgong
71%
Dragon Dracozolt
71%
Dragon Drakloak
71%
Dark | Poison Drapion
71%
Dragon Dreepy
71%
Ice Eiscue
71%
Electric Emolga
71%
Fighting Falinks
71%
Fairy | Poison Fezandipiti
71%
Fire | Flying Fletchinder
71%
Flying | Normal Fletchling
71%
Fairy Floette
71%
Psychic Galarian Ponyta
71%
Psychic Galarian Rapidash
71%
Ghost Gholdengo
71%
Ice Glalie
71%
Grass Grookey
71%
Normal Happiny
71%
Rock Hisuian Growlithe
71%
Fighting | Fire Infernape
71%
Rock Iron Boulder
71%
Electric Mareep
71%
Normal Miltank
71%
Normal Munchlax
71%
Ground Nidoking
71%
Normal Porygon2
71%
Normal Porygon-Z
71%
Ice Regice
71%
Electric Regieleki
71%
Rock Regirock
71%
Steel Registeel
71%
Flying Rufflet
71%
Ghost | Ground Runerigus
71%
Steel Skarmory
71%
Poison Spinarak
71%
Normal Stoutland
71%
Grass Tangela
71%
Normal Tranquill
71%
Grass Turtwig
71%
Ice | Water Walrein
71%
Water Whiscash
71%
Water Wiglett
71%
Water Wugtrio
71%
Electric Xurkitree
71%
Electric Yamper
71%
Ghost | Steel Aegislash
65%
Rock Aerodactyl
65%
Ghost | Grass Brambleghast
65%
Normal Buneary
65%
Normal Cinccino
65%
Dark | Water Crawdaunt
65%
Water Croconaw
65%
Fairy Cutiefly
65%
Electric Dedenne
65%
Dragon | Ghost Dragapult
65%
Flying Fan Rotom
65%
Fire Fennekin
65%
Steel Ferroseed
65%
Grass Floragato
65%
Steel Forretress
65%
Ghost Giratina
65%
Ice Glastrier
65%
Grass Gogoat
65%
Fire Gouging Fire
65%
Ghost Greavard
65%
Normal Greedent
65%
Ground Groudon
65%
Electric Heat Rotom
65%
Electric Heliolisk
65%
Electric Helioptile
65%
Rock Hisuian Arcanine
65%
Steel Hisuian Sliggoo
65%
Ghost Honedge
65%
Electric Kilowattrel
65%
Dragon Koraidon
65%
Normal Lechonk
65%
Bug Ledyba
65%
Normal Lopunny
65%
Normal Minccino
65%
Dragon Miraidon
65%
Ghost Mismagius
65%
Dragon Naganadel
65%
Grass Pansage
65%
Poison Pecharunt
65%
Electric Plusle
65%
Water Poliwag
65%
Water Poliwhirl
65%
Water Poliwrath
65%
Fighting Scrafty
65%
Grass Simisage
65%
Fighting Sirfetch'd
65%
Water Slowbro
65%
Water Slowking
65%
Normal Stantler
65%
Water Swampert
65%
Fire | Flying Talonflame
65%
Grass Tangrowth
65%
Rock Terrakion
65%
Normal Toucannon
65%
Water Wash Rotom
65%
Electric Wattrel
65%
Poison Weepinbell
65%
Electric Zekrom
65%
Electric Bellibolt
59%
Grass Chesnaught
59%
Ice Delibird
59%
Water Dewpider
59%
Psychic Espurr
59%
Fairy Fidough
59%
Ground Flygon
59%
Ground Gligar
59%
Ground Gliscor
59%
Ground Great Tusk
59%
Psychic Grumpig
59%
Dark | Dragon Guzzlord
59%
Rock Kleavor
59%
Electric Morpeko
59%
Grass Ogerpon
59%
Rock Ogerpon (Cornerstone Mask)
59%
Water Oshawott
59%
Ice Piloswine
59%
Rock | Steel Probopass
59%
Bug Rabsca
59%
Rock Rampardos
59%
Rock Relicanth
59%
Poison Scolipede
59%
Ghost Skeledirge
59%
Poison Skorupi
59%
Poison Skrelp
59%
Normal Slaking
59%
Psychic Spoink
59%
Grass Sprigatito
59%
Ice Swinub
59%
Electric Togedemaru
59%
Electric Toxel
59%
Normal Ursaring
59%
Poison Venipede
59%
Bug Volbeat
59%
Water Walking Wake
59%
Poison Whirlipede
59%
Water Wimpod
59%
Water Wingull
59%
Normal Yungoos
59%
Grass Amoonguss
53%
Rock Barbaracle
53%
Steel Bisharp
53%
Fire Castform (Sunny Form)
53%
Steel Celesteela
53%
Water Chewtle
53%
Rock Cranidos
53%
Rock Crustle
53%
Grass | Normal Deerling
53%
Psychic Delphox
53%
Rock | Water Drednaw
53%
Normal Dudunsparce
53%
Normal Dunsparce
53%
Grass Eldegoss
53%
Fighting | Flying Flamigo
53%
Grass Foongus
53%
Steel Galarian Stunfisk
53%
Dark Impidimp
53%
Ice Iron Bundle
53%
Rock Iron Thorns
53%
Bug Karrablast
53%
Normal Lickitung
53%
Rock Magcargo
53%
Ice Mamoswine
53%
Dark Mandibuzz
53%
Steel Metagross
53%
Bug Nymble
53%
Normal Oinkologne
53%
Dark Pawniard
53%
Steel Perrserker
53%
Ghost Polteageist
53%
Dragon Regidrago
53%
Bug Ribombee
53%
Dark Sandile
53%
Ghost | Ground Sandygast
53%
Normal Spinda
53%
Fairy Tapu Fini
53%
Ground Ting-Lu
53%
Normal Ursaluna
53%
Normal Audino
47%
Ghost Basculegion
47%
Bug Combee
47%
Rock Corsola
47%
Psychic Espeon
47%
Ground Gabite
47%
Ground Garchomp
47%
Ground Gible
47%
Psychic Hypno
47%
Steel Iron Treads
47%
Fairy Klefki
47%
Dark Krookodile
47%
Fighting Kubfu
47%
Grass Lilligant
47%
Psychic Mesprit
47%
Rock Minior
47%
Ghost | Grass Poltchageist
47%
Water Quaxwell
47%
Steel Solgaleo
47%
Rock Solrock
47%
Steel Stakataka
47%
Fairy Tinkatuff
47%
Poison Toxapex
47%
Normal Type: Null
47%
Fighting Urshifu
47%
Poison Vileplume
47%
Water Barraskewda
41%
Rock Carbink
41%
Ghost Ceruledge
41%
Ground Diggersby
41%
Flying Drifblim
41%
Flying Drifloon
41%
Bug Dwebble
41%
Steel Escavalier
41%
Ice Galarian Darmanitan
41%
Ground Gastrodon
41%
Poison Gulpin
41%
Dark Houndoom
41%
Normal Kecleon
41%
Dark Meowscarada
41%
Poison Paldean Wooper
41%
Ground Quagsire
41%
Dark Sharpedo
41%
Rock Stonjourner
41%
Water Swanna
41%
Water Wooper
41%
Dark Zarude
41%
Normal Bouffalant
35%
Water Clawitzer
35%
Fairy Comfey
35%
Steel Genesect
35%
Rock Glimmora
35%
Psychic Hoopa
35%
Dark Houndour
35%
Normal Indeedee
35%
Water Qwilfish
35%
Steel Shieldon
35%
Psychic Sigilyph
35%
Fighting Stufful
35%
Normal Tandemaus
35%
Normal Zangoose
35%
Dark Bombirdier
29%
Normal Oranguru
29%
Poison Seviper
29%
Psychic Tapu Lele
29%
Flying Jumpluff
24%
Psychic Espartha
12%
Steel Bastiondon
0%
No matching quizzes found
Score Distribution
Percent of People with Each Score
Percentile by Number Answered
Your Score History
You have not taken this quiz